Public libraries of future : (Record no. 147383)
[ view plain ]
| 000 -LEADER | |
|---|---|
| fixed length control field | 00738nam a22002057a 4500 |
| 005 - DATE AND TIME OF LATEST TRANSACTION | |
| control field | 20171114114705.0 |
| 010 ## - LCCN (DPL NO) | |
| LC control number | ENG-121321 |
| 020 ## - INTERNATIONAL STANDARD BOOK NUMBER | |
| International Standard Book Number | 8185216446 |
| Terms of availability | 1500.00 |
| 035 ## - SYSTEM CONTROL NUMBER | |
| System control number | EN-104853 |
| 037 ## - SOURCE OF ACQUISITION | |
| Source of stock number/acquisition | DBAD/PUB |
| 082 ## - DEWEY DECIMAL CLASSIFICATION NUMBER | |
| Classification number | 027.454 |
| 245 ## - TITLE STATEMENT | |
| Title | Public libraries of future : |
| Remainder of title | opportunities & challenges / |
| Statement of responsibility, etc | edited by O.N.Chaubey...[et. al.] |
| 260 ## - PUBLICATION, DISTRIBUTION, ETC. (IMPRINT) | |
| Place of publication, distribution, etc | Delhi |
| Name of publisher, distributor, etc | Indian Library Association |
| Date of publication, distribution, etc | 2011 |
| 270 ## - ADDRESS | |
| Address | A/40-41, Flat No. 201, Ansal Building Dr. Mukherjee Nagar, |
| City | Delhi |
| Postal code | 110009 |
| 300 ## - PHYSICAL DESCRIPTION | |
| Extent | 328 p. : |
| Dimensions | 24 cm (Pbk) |
| Other physical details | ill. |
| 505 ## - FORMATTED CONTENTS NOTE | |
| Formatted contents note | 56th All India Library Conference Proceeding Sonepat, July 21-23. 2011 |
| 700 ## - ADDED ENTRY--PERSONAL NAME | |
| Personal name | Chaubey, O.N. |
| 700 ## - ADDED ENTRY--PERSONAL NAME | |
| Personal name | Sharma, Sanjeev Dutt |
| 942 ## - ADDED ENTRY ELEMENTS (KOHA) | |
| Source of classification or shelving scheme | Dewey Decimal Classification |
| Item type | English Books |
| Classification part | 027.454 |
| Call number suffix | PUB |
| Withdrawn status | Lost status | Not for loan | Collection code | Home library | Current library | Date acquired | Source of acquisition | Cost, normal purchase price | Full call number | Barcode | Copy number | Cost, replacement price | Koha item type |
|---|---|---|---|---|---|---|---|---|---|---|---|---|---|
| Not For Loan | Non-fiction | D.B.Act.Division | Bawana | 14/11/2017 | DBAD/PUB | 1500.00 | 027.454 PUB | EN-104853 | 1 | 1500.00 | English Books |
